书目信息 |
| 题名: |
PHP Web程序设计与Ajax技术
|
|
| 作者: | 唐四薪 主编 | |
| 分册: | ||
| 出版信息: | 北京 清华大学出版社 2014 |
|
| 页数: | 13,471页 | |
| 开本: | 26cm | |
| 丛书名: | ||
| 单 册: | ||
| 中图分类: | TP312PH , TP393.092.2 , TP312 | |
| 科图分类: | ||
| 主题词: | 网页制作工具--程序设计--高等学校--教材 , 互联网络 , 互联网络--PHP语言--程序设计--高等学校--教材 , 程序设计 , 网页制作工具 , PHP语言 | |
| 电子资源: | ||
| ISBN: | 978-7-302-34473-5 | |
| 000 | 01080nam0 2200313 450 | |
| 001 | 140870 | |
| 005 | 20140929161530.68 | |
| 010 | @a978-7-302-34473-5@dCNY 49.50 | |
| 100 | @a20140213d2014 em y0chiy50 ea | |
| 101 | 0 | @achi |
| 102 | @aCN@b110000 | |
| 105 | @ay z 000yy | |
| 200 | 1 | @aPHP Web程序设计与Ajax技术@APHP Web cheng xu she ji yu Ajax ji shu@b专著@f唐四薪主编 |
| 210 | @a北京@c清华大学出版社@d2014 | |
| 215 | @a13,471页@d26cm | |
| 300 | @a21世纪高等学校规划教材 计算机应用 | |
| 330 | @a本书共10章,内容包括:Web应用程序开发概述、HTML与CSS、PHP基础、Web交互编程、PHP访问数据库、PHP文件访问技术、JavaScript、jQuery框架、基于jQuery的Ajax技术、以Ajax方式访问数据库。 | |
| 606 | 0 | @a网页制作工具@x程序设计@x高等学校@j教材 |
| 606 | 0 | @a互联网络 |
| 606 | 0 | @a互联网络@xPHP语言@x程序设计@x高等学校@j教材 |
| 606 | 0 | @a程序设计 |
| 606 | 0 | @a网页制作工具 |
| 606 | 0 | @aPHP语言 |
| 690 | @aTP312PH@v5 | |
| 690 | @aTP393.092.2@v5 | |
| 690 | @aTP312@v4 | |
| 701 | 0 | @a唐四薪@Atang si xin@f(1980 )@4主编 |
| 801 | 0 | @c20140929 |
| 905 | @a241430@dTP312@eT250 | |
| PHP Web程序设计与Ajax技术/唐四薪主编.-北京:清华大学出版社,2014 |
| 13,471页;26cm |
| 21世纪高等学校规划教材 计算机应用 |
| ISBN 978-7-302-34473-5:CNY 49.50 |
| 本书共10章,内容包括:Web应用程序开发概述、HTML与CSS、PHP基础、Web交互编程、PHP访问数据库、PHP文件访问技术、JavaScript、jQuery框架、基于jQuery的Ajax技术、以Ajax方式访问数据库。 |
| ● |
| 相关链接 |
|
|
|
正题名:PHP Web程序设计与Ajax技术
索取号:TP312/T250
 
预约/预借
| 序号 | 登录号 | 条形码 | 馆藏地/架位号 | 状态 | 备注 |
| 1 | 0836367 | 208363670 | 自科库301/301自科库 53排1列3层/ [索取号:TP312/T250] | 在馆 | |
| 2 | 0836368 | 208363689 | 自科库301/301自科库 50排3列2层/ [索取号:TP312/T250] | 在馆 | |
| 3 | 0836369 | 208363698 | 自科库301/301自科库 53排1列3层/ [索取号:TP312/T250] | 在馆 |